Statistics for Niall Horan Charting Songs (Billboard Hot 100)

Click here to take the quiz!

General Stats

  • This quiz has been taken 72 times
    (26 since last reset)
  • The average score is 4 of 6

Answer Stats

AlbumWeeks OnPeakArtist(s)Song% Correct
Flicker31 Weeks#11Niall HoranSlow Hands
91%
Heartbreak Weather14 Weeks#63Niall HoranNice to Meet Ya
83%
Flicker22 Weeks#20Niall HoranThis Town
78%
Moral of the Story: Chapter 13 Weeks#71Ashe ft. Niall HoranMoral of the Story
78%
Flicker12 Weeks#66Niall HoranToo Much to Ask
52%
Heartbreak Weather1 Week#97Niall HoranNo Judgement
48%

Score Distribution

Percentile by Number Answered

Percent of People with Each Score

Your Score History

You have not taken this quiz since the last reset